| 000 | 00854nam a22002417a 4500 | ||
|---|---|---|---|
| 001 | 75363 | ||
| 003 | BD-RjUL | ||
| 005 | 20211209082658.0 | ||
| 008 | 170322s1968 s a|||| |||| 001 0 eng d | ||
| 035 | _a(BD-RjUL)75581 | ||
| 040 |
_aBD-RjUL _beng _cBD-RjUL _dBD-RjUL |
||
| 041 | _aeng | ||
| 082 |
_223 _a158.7 _bBLI 1968 |
||
| 100 | 1 |
_aBlum, Milton L. _9198623 |
|
| 245 | 1 | 0 |
_aIndustrial Psychology : _bits theoritical and social foundations : a revision of Industrial psychology and its social foundations, revised edition / _cMilton L Blum & James C. Naylor |
| 250 | _aHarper international ed. | ||
| 260 |
_aNew York : _bHarper & Row, Publishers, _cc1968 |
||
| 300 |
_axvi, 633 p. : _bill. ; _c24 cm. |
||
| 500 | _aIncludes index | ||
| 650 |
_aPsychology, Industrial _9198624 |
||
| 700 |
_a Naylor, James C. , jt. auth. _9238567 |
||
| 942 |
_2ddc _cBK |
||
| 999 |
_c75363 _d75363 |
||